|
|
|
|
| LEADER |
01080nam a22002772a 4500 |
| 001 |
000059207 |
| 003 |
CZ BrMZK |
| 005 |
20070522100022.0 |
| 007 |
ta |
| 008 |
950407s1986 xr f cze d |
| 040 |
|
|
|a BOA001
|b cze
|
| 080 |
9 |
|
|a 82(075.2)
|
| 100 |
1 |
|
|a Forst, Vladimír,
|d 1921-2010
|7 jk01031611
|4 aut
|
| 245 |
1 |
0 |
|a Literární výchova pro 6. ročník základní školy /
|c Připravili Vladimír Forst, Helena Poláková a Marie Ševcová
|
| 250 |
|
|
|a 5. vyd.
|
| 260 |
|
|
|a Praha :
|b Státní pedagogické nakladatelství,
|c 1986
|
| 300 |
|
|
|a 204 s.
|
| 490 |
1 |
|
|a Učebnice pro základní školy
|
| 700 |
1 |
|
|a Poláková, Helena
|7 jx20040216033
|4 aut
|
| 700 |
1 |
|
|a Ševcová, Marie
|7 xx0092045
|4 aut
|
| 830 |
|
0 |
|a Učebnice pro základní školy
|
| 910 |
|
|
|a BOA001
|b PK-0101.984
|b 2-0900.802
|
| 964 |
|
|
|a Čeština - čítanky - školy základní
|
| 990 |
|
|
|a BK
|
| 996 |
7 |
|
|b 2619323754
|c 2-0900.802
|l MZK
|r Sklad / do 1 hodiny
|n 0
|w 000059207
|u 000020
|a 1
|e BOA001
|j MZK50
|s A
|
| 996 |
7 |
|
|b 3119974120
|c PK-0101.984
|l MZK
|r Sklad / do 1 hodiny
|n 2
|w 000059207
|u 000010
|a 1
|e BOA001
|j MZK50
|s A
|